Statistiques concernant Langues disponibles sur JetPunk

Cliquez ici pour prendre le quiz!

Statistiques générales

  • Ce quiz a été pris 86 fois
  • Le résultat moyen est 8 sur 9

Statistiques - réponses

Réponse% Correct
Anglais
100%
Espagnol
100%
Allemand
99%
Français
99%
Portugais
95%
Italien
91%
Néerlandais
73%
Polonais
69%
Finnois
36%

Distribution des résultats

Percentile par nombre de réponses

% des personnes avec chaque résultat

Votre développement - résultats

Vous n’avez pas pris ce quiz